| 000 | 004750000a22001930004500 | ||
|---|---|---|---|
| 001 | 003038 | ||
| 003 | MACL | ||
| 005 | 20150716131249.0 | ||
| 008 | 150716b xxu||||| |||| 00| 0 eng d | ||
| 040 |
_aMACL _cMACL |
||
| 041 | _aEnglish | ||
| 082 | _a324.9/GOY | ||
| 100 |
_aGoyal, B.R. _92304 |
||
| 245 |
_aRashtriya Swayamsewak Sangh _cB.R. Goyal |
||
| 260 |
_aNew Delhi _c2000 _bRadha Krishna, |
||
| 350 | _a250 | ||
| 650 |
_aPolitical Science _988 |
||
| 942 |
_k325 _cBK _2ddc |
||
| 999 |
_c14944 _d14944 |
||